| 000 | 00819nas a2200253Ia 4500 | ||
|---|---|---|---|
| 001 | R224/C6213 | ||
| 003 | IT-RoPAU | ||
| 008 | 151124c99999999xx |||||||||||| ||und|| | ||
| 040 | _aIT-RoPAU | ||
| 040 | _cIT-RoPAU | ||
| 041 | _aITALIANO | ||
| 100 |
_aGasparro Rosalba _gCodice Aut. SPICS: 1872 |
||
| 210 | _aBERENICE | ||
| 222 | _aBerenice | ||
| 245 |
_aBERENICE, ANNO 01-N.03 (NOVEMBRE 1993) _bRivista "Sipario" E la Drammaturgia Francese (La) |
||
| 250 | _a1a ed. | ||
| 260 |
_aROMA _bPAGINE S.R.L. _c1993 |
||
| 501 |
_bPaulus - SPICS - Società San Paolo EM (non-commercial uses only) _cCopyright2015 |
||
| 300 | _a11 p. [531-541] | ||
| 362 | _aANNO 001, N.03 (NOVEMBRE 1993) | ||
| 500 | _aAppunti per Uno Studio della Recezione Teatrale. | ||
| 650 |
_aESTETICA _vPUBBLICAZIONE PERIODICA |
||
| 942 | _cCR | ||
| 999 |
_c109968 _d109968 |
||